| 000 | 00398nam a2200181Ia 4500 | ||
|---|---|---|---|
| 001 | 10341 | ||
| 005 | 20260306161825.0 | ||
| 008 | 260306t1980||||xx |||||||||||||| ||spa|| | ||
| 041 | _aESP | ||
| 082 |
_a920.02 _bS29 V. 2 |
||
| 100 |
_aSchur, Max _eAUT |
||
| 245 | 0 | _aSigmund Freud | |
| 260 | _c1980 | ||
| 300 |
_apágs. : _ccm. |
||
| 650 | _aGEN | ||
| 654 | _aCHU | ||
| 942 |
_cLIB _dJUS _fJUS _2ddc _n |
||
| 999 |
_c10341 _d10341 |
||